|
|
|
|
| LEADER |
01023nam a22003012a 4500 |
| 001 |
000567954 |
| 003 |
CZ BrMZK |
| 005 |
20210222153338.0 |
| 007 |
ta |
| 008 |
000105s1909 gw grc d |
| 020 |
|
|
|q (Brož.)
|
| 040 |
|
|
|a ABA001
|b cze
|d BOA001
|
| 041 |
0 |
|
|a grc
|a lat
|
| 100 |
0 |
|
|a Libanios,
|d 314-393
|7 jn19990005063
|4 aut
|
| 245 |
1 |
0 |
|a Libanii opera.
|n Vol. 5,
|p Declamationes I-XII /
|c recensuit Richardus Foerster
|
| 246 |
3 |
0 |
|a Opera
|
| 246 |
3 |
0 |
|a Declamationes I-XII
|
| 260 |
|
|
|a Lipsiae :
|b B.G. Teubner,
|c 1909
|
| 300 |
|
|
|a vi, 564 s. ;
|c 18 cm
|
| 490 |
1 |
|
|a Bibliotheca scriptorum graecorum et romanorum Teubneriana ;
|v gr. 104
|
| 504 |
|
|
|a Obsahuje bibliografické odkazy
|
| 546 |
|
|
|a Část. latinský text (předmluva)
|
| 700 |
1 |
|
|a Foerster, Richard
|4 com
|
| 830 |
|
0 |
|a Bibliotheca scriptorum graecorum et romanorum Teubneriana
|
| 910 |
|
|
|a BOA001
|b 1-0127.229,5
|
| 990 |
|
|
|a BK
|
| 993 |
|
|
|a Y
|
| 996 |
6 |
|
|b 2619718602
|c 1-0127.229,5
|l MZK
|r Sklad / do 1 hodiny
|n 0
|w 000567954
|u 000010
|a 1
|e BOA001
|j MZK50
|s P
|